عرض عادي
عرض مارك
- Peterson, Peter G.
دخول Personal Name
001 - CONTROL NUMBER
- control field: 19240
003 - CONTROL NUMBER IDENTIFIER
- control field: AE-AdECS
005 - DATE AND TIME OF LATEST TRANSACTION
- control field: 20250815092417.0
008 - FIXED-LENGTH DATA ELEMENTS
- fixed length control field: 250815|| aca||aabn | a|a d
040 ## - CATALOGING SOURCE
- Original cataloging agency: AE-AdECS
- Transcribing agency: AE-AdECS
100 ## - HEADING--PERSONAL NAME
- Personal name: Peterson, Peter G.
670 ## - SOURCE DATA FOUND
- Source citation: Work cat.: (AE-AdECS)80958: Goldstein, Morris, author 991468, Safeguarding prosperity in a global financial system :
